[Event "36th Reykjavik op"]
[Site "Reykjavik ISL"]
[Date "2023.04.01"]
[Round "6.98"]
[White "Birkisson, Bjoern Holm"]
[Black "Tacconi, Antonio"]
[WhiteElo "2110"]
[BlackElo "1736"]
[Result "1-0"]
[EventDate "2023.03.29"]
[PlyCount "111"]

1. e4 Nf6 2. e5 Nd5 3. c4 Nb6 4. d4 d6 5. f4 dxe5 6. fxe5 Nc6 7. Be3 Bf5 8. Nc3 e6
9. Nf3 Be7 10. Be2 O-O 11. O-O Bg4 12. Qd2 Qd7 13. Rad1 Rad8 14. Ne4 Qc8 15. Qc1
Nd7 16. h3 Bxf3 17. Bxf3 f6 18. exf6 Bxf6 19. Nxf6+ Nxf6 20. Rfe1 Qd7 21. Bf2 Rde8
22. Qc3 Nd8 23. Rd2 c6 24. Rde2 Nf7 25. Re3 a6 26. Bd1 b5 27. b3 Nd6 28. Bf3 Nf5
29. Re5 Nd6 30. Rc5 Rc8 31. Bg3 Nf5 32. Be5 Nh4 33. Bxf6 Nxf3+ 34. Qxf3 Rxf6 35.
Qe4 Qd6 36. cxb5 axb5 37. Re5 Kf7 38. Kh1 g6 39. a4 bxa4 40. bxa4 Rd8 41. Qh4 Kg7
42. Rxe6 Rxe6 43. Rxe6 Qxd4 44. Qe7+ Kh6 45. Rxc6 Rb8 46. Rc1 Qf4 47. Qc7 Qb4 48.
Qc3 Qf4 49. Ra1 Rb4 50. Qa3 Qc4 51. a5 Rb3 52. Qf8+ Kg5 53. Re1 Qd5 54. Qe7+ Kh6
55. Qh4+ Kg7 56. Re7+  1-0

[Event "36th Reykjavik op"]
[Site "Reykjavik ISL"]
[Date "2023.04.01"]
[Round "6.99"]
[White "Chilton, James I"]
[Black "Hoffmann, Sebastian"]
[WhiteElo "1722"]
[BlackElo "2108"]
[Result "0-1"]
[EventDate "2023.03.29"]
[PlyCount "58"]

1. d4 Nf6 2. c4 g6 3. Nc3 d5 4. Bf4 Bg7 5. e3 c5 6. Nf3 O-O 7. h3 Nc6 8. Rc1 Qa5
9. Nd2 cxd4 10. Nb3 Qd8 11. Nxd4 Nh5 12. Nxc6 bxc6 13. Bh2 Qa5 14. g4 Nf6 15. Bg2
Ne4 16. O-O Nxc3 17. bxc3 Ba6 18. cxd5 Bxf1 19. Kxf1 cxd5 20. Qxd5 Qa3 21. Rc2 Bxc3
22. Qxa8 Rxa8 23. Bxa8 e6 24. Be4 f5 25. Bd3 Kf7 26. Bb8 Be5 27. Bxe5 Qxd3+ 28. Re2
Qb1+ 29. Re1 Qb5+  0-1

[Event "36th Reykjavik op"]
[Site "Reykjavik ISL"]
[Date "2023.04.01"]
[Round "6.100"]
[White "Loncke, Matthieu"]
[Black "Thorisson, Benedikt"]
[WhiteElo "2108"]
[BlackElo "1725"]
[Result "1-0"]
[EventDate "2023.03.29"]
[PlyCount "73"]

1. d4 Nf6 2. c4 g6 3. Nc3 d5 4. cxd5 Nxd5 5. Na4 Bg7 6. e4 Nb6 7. Be3 O-O 8. Nf3
Bg4 9. Nc5 Qc8 10. Qc2 N6d7 11. Nb3 b6 12. Rc1 Na6 13. Nfd2 c5 14. h3 cxd4 15. Qxc8
Rfxc8 16. Rxc8+ Rxc8 17. Bxa6 Rc2 18. Bxd4 Bxd4 19. hxg4 Nc5 20. Be2 Nxb3 21. Nxb3
Be5 22. Rh3 Rxb2 23. Nc1 Rb1 24. Kd1 Ra1 25. Kc2 Bf4 26. Re3 a5 27. g3 Bd6 28. f4
e5 29. f5 Bc5 30. Rd3 Kg7 31. Kb2 Bd4+ 32. Rxd4 Rxc1 33. Kxc1 exd4 34. e5 h5 35.
gxh5 gxf5 36. Kd2 Kh6 37. a4  1-0

[Event "36th Reykjavik op"]
[Site "Reykjavik ISL"]
[Date "2023.04.01"]
[Round "6.101"]
[White "Geirsson, Kristjan"]
[Black "Becker, Tobias"]
[WhiteElo "1700"]
[BlackElo "2085"]
[Result "0-1"]
[EventDate "2023.03.29"]
[PlyCount "46"]

1. e4 e5 2. Nf3 Nc6 3. Bb5 a6 4. Ba4 Nf6 5. O-O Be7 6. Re1 b5 7. Bb3 O-O 8. h3 Bb7
9. c3 d5 10. exd5 Nxd5 11. Nxe5 Nxe5 12. Rxe5 Nf4 13. d4 Nxg2 14. d5 Bd6 15. Rg5
Nh4 16. Qg4 Ng6 17. Bc2 Be7 18. Rh5 Bxd5 19. Be3 Be6 20. Qg2 f5 21. Bg5 Bxg5 22.
Rxg5 Qf6 23. Nd2 Nf4  0-1

[Event "36th Reykjavik op"]
[Site "Reykjavik ISL"]
[Date "2023.04.01"]
[Round "6.102"]
[White "Arian, Tomer"]
[Black "Hayes, Peter"]
[WhiteElo "1644"]
[BlackElo "2075"]
[Result "1-0"]
[EventDate "2023.03.29"]
[PlyCount "49"]

1. e4 c6 2. d4 d5 3. Nc3 dxe4 4. Nxe4 Nd7 5. Nf3 Ngf6 6. Nxf6+ Nxf6 7. Bd3 Bg4 8.
c3 Qd5 9. Be2 e6 10. h3 Bh5 11. Qb3 Bd6 12. Be3 O-O 13. O-O b5 14. Rfe1 a5 15. c4
bxc4 16. Bxc4 Qf5 17. Bd3 a4 18. Qc2 Qd5 19. Nd2 Bg6 20. Bxg6 hxg6 21. Rec1 Rfb8
22. Qxc6 Rxb2 23. Qxd5 Nxd5 24. Nc4 Nxe3 25. fxe3  1-0

[Event "36th Reykjavik op"]
[Site "Reykjavik ISL"]
[Date "2023.04.01"]
[Round "6.103"]
[White "Lien, Sebastian"]
[Black "Hari, Charan Sai Kalluri"]
[WhiteElo "1618"]
[BlackElo "2066"]
[Result "1-0"]
[EventDate "2023.03.29"]
[PlyCount "53"]

1. d4 d5 2. c4 c6 3. cxd5 cxd5 4. Nc3 Nf6 5. Nf3 Nc6 6. e3 a6 7. Bd3 g6 8. a3 Bg7
9. Ne5 O-O 10. O-O Ne8 11. Nxc6 bxc6 12. b4 f6 13. Na4 e5 14. dxe5 fxe5 15. e4 d4
16. Bd2 Nd6 17. Qc1 Qc7 18. Nc5 Kh8 19. Rb1 Rf6 20. f4 Nf7 21. f5 Bf8 22. Rf3 Bxc5
23. bxc5 gxf5 24. exf5 Rb8 25. Rxb8 Qxb8 26. Bg5 Kg7 27. Rg3  1-0

[Event "36th Reykjavik op"]
[Site "Reykjavik ISL"]
[Date "2023.04.01"]
[Round "6.104"]
[White "Adams, George"]
[Black "Kakulidis, Ellen"]
[WhiteElo "1604"]
[BlackElo "2046"]
[Result "1/2-1/2"]
[EventDate "2023.03.29"]
[PlyCount "79"]

1. d4 d5 2. Bf4 e6 3. Nf3 Nf6 4. e3 Bd6 5. Bg3 b6 6. Bd3 Bb7 7. Nbd2 O-O 8. O-O c5
9. c3 Ne4 10. Ne5 Nxg3 11. hxg3 Bxe5 12. dxe5 d4 13. Qh5 h6 14. exd4 cxd4 15. c4
Nd7 16. Nf3 Bxf3 17. gxf3 Qg5 18. Qxg5 hxg5 19. Rfe1 Rfe8 20. Rad1 Rad8 21. Rd2 f6
22. exf6 gxf6 23. Bg6 Ne5 24. Rxe5 fxe5 25. Bxe8 Rxe8 26. Re2 d3 27. Rd2 Rd8 28.
Kf1 Kf7 29. Ke1 Kf6 30. Rd1 e4 31. Kd2 exf3 32. Ke3 g4 33. Rxd3 Rc8 34. b3 Kf5 35.
Rd7 a5 36. Rd6 Rc5 37. Rd2 Re5+ 38. Kd4 Re4+ 39. Kc3 Re1 40. a3  1/2-1/2

[Event "36th Reykjavik op"]
[Site "Reykjavik ISL"]
[Date "2023.04.01"]
[Round "6.105"]
[White "Pagan, Jonathan"]
[Black "Kaergaard, Sissel"]
[WhiteElo "2042"]
[BlackElo "1665"]
[Result "1-0"]
[EventDate "2023.03.29"]
[PlyCount "69"]

1. d4 d5 2. c4 c6 3. Nf3 Nf6 4. g3 Bf5 5. Nc3 e6 6. Nh4 Bg6 7. Qb3 Qb6 8. Nxg6 hxg6
9. c5 Qxb3 10. axb3 Nbd7 11. b4 Be7 12. b5 O-O 13. e3 e5 14. Be2 Rfd8 15. f3 Nh7
16. Kf2 Bf6 17. Rd1 Nhf8 18. Bf1 Ne6 19. bxc6 bxc6 20. Ne2 a5 21. Ra4 Rdb8 22. Bh3
Ndf8 23. Rd3 Ng5 24. Bg2 e4 25. fxe4 Nxe4+ 26. Bxe4 dxe4 27. Rda3 Ne6 28. Rxa5 Rxa5
29. Rxa5 Bg5 30. Ra6 Nd8 31. Ke1 Rb3 32. Nc3 Ne6 33. h4 Bh6 34. Rb6 Rxb6 35. cxb6
 1-0

[Event "36th Reykjavik op"]
[Site "Reykjavik ISL"]
[Date "2023.04.01"]
[Round "6.106"]
[White "Lien, Benjamin"]
[Black "Diaz, Franck"]
[WhiteElo "1495"]
[BlackElo "2035"]
[Result "1/2-1/2"]
[EventDate "2023.03.29"]
[PlyCount "150"]

1. e4 c5 2. Nf3 d6 3. d4 cxd4 4. Nxd4 Nf6 5. Nc3 a6 6. Be3 e5 7. Nb3 Be6 8. f3 b5
9. Qd2 Nbd7 10. Be2 Qc7 11. O-O Rc8 12. Rac1 Nb6 13. Bf2 Nc4 14. Bxc4 Bxc4 15. Rfe1
Be7 16. Nd1 O-O 17. Ne3 Be6 18. c3 Rfd8 19. Nd5 Nxd5 20. exd5 Bd7 21. Qd3 f5 22.
Nd4 Bg5 23. Nxf5 Bxf5 24. Qxf5 Bxc1 25. Rxc1 Qf7 26. Qd3 Qf4 27. Be3 Qc4 28. Qxc4
bxc4 29. Bb6 Rd7 30. a4 Rb7 31. a5 Rf7 32. Re1 Kf8 33. Re4 Rf4 34. Re2 Ke7 35. Kf2
Kd7 36. Be3 Rf5 37. Bb6 Re8 38. Re4 Rf4 39. Ke3 Ref8 40. h3 h5 41. Rxf4 Rxf4 42.
g3 Rf6 43. h4 Rf7 44. Ke4 Rf8 45. Bf2 Ke7 46. Be3 g6 47. Bg5+ Kd7 48. Be3 Rb8 49.
Bb6 Ke7 50. Ke3 Rg8 51. f4 Rc8 52. Ke4 exf4 53. gxf4 Kd7 54. Be3 Rb8 55. Bb6 Re8+
56. Kd4 Re2 57. Kxc4 Rxb2 58. Bd4 Rh2 59. Bf6 Rf2 60. Bg5 Kc7 61. Bh6 Rf1 62. Kb4
Rb1+ 63. Ka4 Kd7 64. Bg5 Rb5 65. c4 Rc5 66. Kb4 Ke8 67. Bf6 Kf7 68. Bd8 Rc8 69. Bg5
Rb8+ 70. Ka4 Rc8 71. Kb4 Re8 72. Kb3 Re3+ 73. Kb4 Re8 74. Kc3 Rc8 75. Kb4 Rb8+  1/2-1/2

[Event "36th Reykjavik op"]
[Site "Reykjavik ISL"]
[Date "2023.04.01"]
[Round "6.107"]
[White "Holand, Per Fredrik"]
[Black "Heidarsson, Mikael Bjarki"]
[WhiteElo "2026"]
[BlackElo "1591"]
[Result "1-0"]
[EventDate "2023.03.29"]
[PlyCount "73"]

1. Nf3 d5 2. g3 Nf6 3. Bg2 c6 4. O-O Bg4 5. Ne5 Bh5 6. c4 e6 7. d4 Nbd7 8. Nc3 Be7
9. Qb3 Qc8 10. Bf4 dxc4 11. Nxc4 O-O 12. Nd6 Bxd6 13. Bxd6 Re8 14. Rae1 Nb6 15. h3
Qd7 16. Be5 Nfd5 17. g4 Bg6 18. e4 Nxc3 19. bxc3 Kh8 20. a4 f6 21. Bg3 e5 22. a5
Bf7 23. d5 Nc8 24. Rb1 Nd6 25. c4 c5 26. f4 Rab8 27. g5 Bg6 28. gxf6 gxf6 29. fxe5
fxe5 30. Rbe1 b5 31. cxb5 Rxb5 32. Qe3 Rxa5 33. Qh6 Kg8 34. Bxe5 Ra2 35. Rf6 Qg7
36. Qxg7+ Kxg7 37. Re6+  1-0

[Event "36th Reykjavik op"]
[Site "Reykjavik ISL"]
[Date "2023.04.01"]
[Round "6.108"]
[White "Maleki, Nicolas"]
[Black "Shadrina, Eva"]
[WhiteElo "2018"]
[BlackElo "1563"]
[Result "1-0"]
[EventDate "2023.03.29"]
[PlyCount "93"]

1. d4 d5 2. Nc3 Nf6 3. Bg5 e6 4. e4 dxe4 5. Nxe4 Be7 6. Bxf6 Bxf6 7. Nf3 O-O 8. c3
Bd7 9. Bd3 Bc6 10. O-O Nd7 11. Re1 Re8 12. Qe2 Nb6 13. Nxf6+ Qxf6 14. Ne5 Nd5 15.
Nxc6 bxc6 16. Rad1 Nf4 17. Qe4 Nxd3 18. Qxd3 Red8 19. Qa6 Rd6 20. Qa5 Qd8 21. Rc1
Rd5 22. Qa3 Rg5 23. Re3 Qd5 24. Rg3 Rxg3 25. hxg3 Qd6 26. Qb3 a5 27. Qb7 Rd8 28.
Qa7 e5 29. Qxa5 exd4 30. cxd4 Qxd4 31. Qxc7 h6 32. Qxc6 Qxb2 33. a4 Qb4 34. Qb5 Qxb5
35. axb5 Rb8 36. Rb1 Rb6 37. Kf1 Kf8 38. Ke2 Ke7 39. Kd3 Kd6 40. Kc4 f5 41. Ra1 g5
42. Ra6 Kc7 43. Rxb6 Kxb6 44. Kd5 Kxb5 45. Ke5 Kc4 46. Kxf5 Kd3 47. f4  1-0

[Event "36th Reykjavik op"]
[Site "Reykjavik ISL"]
[Date "2023.04.01"]
[Round "6.109"]
[White "Haberecht, Paul"]
[Black "Schaefer, Bernd"]
[WhiteElo "1412"]
[BlackElo "2018"]
[Result "0-1"]
[EventDate "2023.03.29"]
[PlyCount "53"]

1. d4 Nf6 2. Nf3 e6 3. g3 b6 4. Bg2 Bb7 5. O-O Be7 6. c4 O-O 7. Nc3 Ne4 8. Qc2 Nxc3
9. bxc3 f5 10. a4 Nc6 11. Re1 Na5 12. Qa2 c5 13. e3 Rc8 14. d5 Bf6 15. Bb2 Ba6 16.
Bf1 e5 17. e4 fxe4 18. Rxe4 d6 19. Bc1 Rc7 20. h4 Bc8 21. Ng5 Bxg5 22. Bxg5 Qe8 23.
Bd3 Bf5 24. Re3 h6 25. Bxf5 Rxf5 26. Bf4 Qg6 27. Bxe5  0-1

[Event "36th Reykjavik op"]
[Site "Reykjavik ISL"]
[Date "2023.04.01"]
[Round "6.110"]
[White "Abmayr, Annika"]
[Black "Gkogkas, Dimitrios"]
[WhiteElo "1054"]
[BlackElo "2015"]
[Result "0-1"]
[EventDate "2023.03.29"]
[PlyCount "70"]

1. e4 c5 2. d4 cxd4 3. Qxd4 Nc6 4. Qd1 g6 5. Nc3 Bg7 6. Bd3 Nf6 7. Rb1 d5 8. exd5
Nxd5 9. Bd2 O-O 10. Nf3 Nxc3 11. Bxc3 Bxc3+ 12. bxc3 Qa5 13. Qd2 Bg4 14. Nd4 Qxa2
15. O-O Qa5 16. Rb5 Qc7 17. Rc5 Qd6 18. Qg5 e5 19. Nb3 Be6 20. Qf6 Rfd8 21. Bc4 Bxc4
22. Qxd6 Rxd6 23. Rxc4 b6 24. h3 Rc8 25. Re1 Rcd8 26. Rce4 Rd1 27. Rxd1 Rxd1+ 28.
Kh2 f5 29. Rc4 Rd6 30. f3 Kf7 31. Kg3 Ke6 32. Rh4 h5 33. Rc4 Ne7 34. Rc7 a5 35. Ra7
Rc6  0-1

[Event "36th Reykjavik op"]
[Site "Reykjavik ISL"]
[Date "2023.04.01"]
[Round "6.111"]
[White "Koh, Ming Yao Gavin"]
[Black "Briem, Gudrun Fanney"]
[WhiteElo "2012"]
[BlackElo "1503"]
[Result "1/2-1/2"]
[EventDate "2023.03.29"]
[PlyCount "73"]

1. d4 Nf6 2. c4 e6 3. Nc3 d5 4. Nf3 Bb4 5. Qa4+ Nc6 6. e3 O-O 7. Qc2 a6 8. Bd2 h6
9. a3 Bxc3 10. Bxc3 Ne4 11. Bd3 Nxc3 12. Qxc3 Ne7 13. c5 Nc6 14. O-O Qf6 15. b4 Ne7
16. a4 Bd7 17. Ne5 Rfd8 18. b5 axb5 19. axb5 Be8 20. Rxa8 Rxa8 21. Ra1 Rb8 22. Qa5
b6 23. Qa7 Rc8 24. cxb6 cxb6 25. Qxb6 Nf5 26. g3 Qd8 27. Qxd8 Rxd8 28. Ra7 Nd6 29.
Nc6 Bxc6 30. bxc6 Rc8 31. Rd7 Ne8 32. Rb7 Kf8 33. Rb6 Rc7 34. e4 dxe4 35. Bxe4 Ke7
36. Bf3 Kd6 37. Rb8  1/2-1/2

[Event "36th Reykjavik op"]
[Site "Reykjavik ISL"]
[Date "2023.04.01"]
[Round "6.116"]
[White "Boschmann, Alexander"]
[Black "O`gorman, Tom"]
[WhiteElo "1779"]
[BlackElo "2357"]
[Result "0-1"]
[EventDate "2023.03.29"]
[PlyCount "76"]

1. d4 Nf6 2. c4 g6 3. Nc3 d5 4. cxd5 Nxd5 5. e4 Nxc3 6. bxc3 Bg7 7. Nf3 c5 8. Bc4
O-O 9. O-O cxd4 10. cxd4 Nc6 11. Be3 Bg4 12. e5 Rc8 13. Be2 Qd5 14. h3 Bf5 15. Qd2
Na5 16. Qb4 Nc4 17. Bg5 e6 18. Be7 Rfe8 19. Rac1 Nb6 20. Bb5 Rxc1 21. Rxc1 Rc8 22.
Rxc8+ Nxc8 23. Bc4 Qc6 24. Bg5 h6 25. Bb5 Qc2 26. Bf6 Be4 27. Nd2 Bd5 28. Bc4 Bf8
29. Qb3 Qc1+ 30. Kh2 Qxd2 31. Bxd5 exd5 32. Qxd5 Ne7 33. Qd7 Nc6 34. d5 Qf4+ 35.
Kg1 Nxe5 36. Qd8 Nd3 37. Be7 Qxf2+ 38. Kh1 Qe1+  0-1

[Event "36th Reykjavik op"]
[Site "Reykjavik ISL"]
[Date "2023.04.01"]
[Round "6.117"]
[White "Fischer, Robert James"]
[Black "Shundi, Matias"]
[WhiteElo "1775"]
[BlackElo "2145"]
[Result "0-1"]
[EventDate "2023.03.29"]
[PlyCount "70"]

1. d4 Nf6 2. Nf3 g6 3. g3 Bg7 4. Bg2 O-O 5. O-O d6 6. b3 c5 7. Bb2 cxd4 8. Nxd4 d5
9. c4 e5 10. Nf3 e4 11. Nfd2 e3 12. fxe3 Ng4 13. Bxg7 Kxg7 14. Nf3 dxc4 15. Qc1 cxb3
16. Qb2+ f6 17. Qxb3 Qe7 18. Rc1 Nxe3 19. Qa3 Qxa3 20. Nxa3 Nc6 21. Bh1 Be6 22. Nb5
Rad8 23. a4 Rf7 24. Kf2 Ng4+ 25. Kg1 Rfd7 26. Rab1 Bf5 27. Ra1 Re7 28. Nc3 Na5 29.
e4 Bxe4 30. Nxe4 Rxe4 31. Rc7+ Kg8 32. h3 Nh6 33. Rac1 Rxa4 34. Nh4 Rad4 35. Kf2
R4d7  0-1

[Event "36th Reykjavik op"]
[Site "Reykjavik ISL"]
[Date "2023.04.01"]
[Round "6.118"]
[White "Ingason, Sigurdur"]
[Black "Kather, Yannick"]
[WhiteElo "1756"]
[BlackElo "2137"]
[Result "0-1"]
[EventDate "2023.03.29"]
[PlyCount "104"]

1. d4 Nf6 2. c4 g6 3. Nc3 d5 4. cxd5 Nxd5 5. e4 Nxc3 6. bxc3 Bg7 7. Bg5 O-O 8. Nf3
c5 9. Rc1 Qa5 10. Qd2 cxd4 11. cxd4 Qxd2+ 12. Kxd2 f6 13. Bc4+ Kh8 14. Be3 Nc6 15.
d5 Na5 16. Bd3 f5 17. Ke2 b6 18. Rhd1 fxe4 19. Bxe4 Ba6+ 20. Bd3 Bb7 21. Be4 e6 22.
Ng5 exd5 23. Bxd5 Bxd5 24. Rxd5 Rfc8 25. Rxc8+ Rxc8 26. Nf7+ Kg8 27. Rd8+ Rxd8 28.
Nxd8 Bf6 29. Ne6 Kf7 30. Nc7 Nc6 31. Nd5 Be5 32. g3 Ke6 33. Nf4+ Kd6 34. Nd3 Bc3
35. f3 b5 36. Nc5 Bd4 37. Nd3 a5 38. Bd2 Bb6 39. Be3 Bd4 40. Bxd4 Nxd4+ 41. Ke3 Kd5
42. g4 b4 43. f4 Nb5 44. f5 gxf5 45. g5 Nc3 46. Nc1 Ke5 47. Nd3+ Ke6 48. Nc1 a4 49.
Kd4 f4 50. a3 Nb5+ 51. Kc4 b3 52. Nd3 f3  0-1

[Event "36th Reykjavik op"]
[Site "Reykjavik ISL"]
[Date "2023.04.01"]
[Round "6.120"]
[White "Kane, Robert"]
[Black "Johansson, Jukka"]
[WhiteElo "1745"]
[BlackElo "2106"]
[Result "1-0"]
[EventDate "2023.03.29"]
[PlyCount "91"]

1. d4 Nf6 2. c4 g6 3. Nc3 d5 4. cxd5 Nxd5 5. Bd2 Bg7 6. e4 Nxc3 7. Bxc3 c5 8. d5
Bxc3+ 9. bxc3 Qd6 10. Nf3 Qf4 11. Bb5+ Bd7 12. Qa4 a6 13. Bxd7+ Nxd7 14. O-O b5 15.
Qc2 O-O 16. c4 b4 17. Rfe1 Nb6 18. Re3 e6 19. g3 Qc7 20. d6 Qxd6 21. e5 Qe7 22. h4
Rad8 23. Re4 f5 24. exf6 Qxf6 25. Ne5 Rd4 26. Rxd4 cxd4 27. f4 Qe7 28. Kh2 Nd7 29.
Nf3 Qc5 30. Ng5 Re8 31. h5 Kg7 32. Re1 e5 33. Nxh7 e4 34. Ng5 d3 35. Qb2+ Kh6 36.
Rxe4 Ne5 37. Rxe5 Rxe5 38. Nf7+ Kxh5 39. Nxe5 Qe3 40. Kh3 g5 41. Ng4 Qe2 42. Qh8+
Kg6 43. Qg8+ Kf5 44. Qd5+ Kg6 45. Qxg5+ Kf7 46. Ne5+  1-0

[Event "36th Reykjavik op"]
[Site "Reykjavik ISL"]
[Date "2023.04.01"]
[Round "6.121"]
[White "Girardin, Yves"]
[Black "Densing, Gerd"]
[WhiteElo "2104"]
[BlackElo "1777"]
[Result "1-0"]
[EventDate "2023.03.29"]
[PlyCount "57"]

1. d4 d5 2. c4 e6 3. Nc3 Nf6 4. cxd5 exd5 5. Bg5 Be7 6. e3 O-O 7. Bd3 c6 8. Qc2 h6
9. Bh4 Re8 10. Nf3 a5 11. O-O Nh5 12. Bh7+ Kh8 13. Ne5 Be6 14. Bxe7 Qxe7 15. Bd3
Nd7 16. f4 Nxe5 17. dxe5 Qh4 18. Ne2 Bg4 19. Nd4 g6 20. Rae1 Ng7 21. Qd2 Ne6 22.
Rc1 Nxd4 23. exd4 Kg7 24. Rc3 Qd8 25. Bb1 Qd7 26. f5 Bxf5 27. Rxf5 gxf5 28. Rg3+
Kh7 29. Qf4  1-0

[Event "36th Reykjavik op"]
[Site "Reykjavik ISL"]
[Date "2023.04.01"]
[Round "6.122"]
[White "Murphy, Hugh"]
[Black "Frost, Niklas"]
[WhiteElo "2100"]
[BlackElo "1774"]
[Result "1-0"]
[EventDate "2023.03.29"]
[PlyCount "79"]

1. d4 d5 2. Nf3 e6 3. e3 Nf6 4. Bd3 c5 5. b3 Nc6 6. Bb2 a6 7. O-O Bd6 8. Nbd2 cxd4
9. exd4 b5 10. a3 Rb8 11. Qe2 Qb6 12. Rfe1 O-O 13. Nf1 b4 14. a4 Re8 15. Ng3 Ne7
16. Ne5 Nf5 17. Rad1 Nxg3 18. hxg3 Bb7 19. Kh2 Bxe5 20. dxe5 Ne4 21. f3 Nc3 22. Bxc3
bxc3 23. g4 a5 24. g5 Qb4 25. Kg3 f5 26. gxf6 gxf6 27. Rh1 f5 28. Rh4 Qc5 29. Qf2
Qxf2+ 30. Kxf2 Re7 31. g4 fxg4 32. Rg1 Rg7 33. Rhxg4 Rxg4 34. Rxg4+ Kf7 35. Bxh7
Ba6 36. Ke3 Bf1 37. Bg6+ Kf8 38. Bd3 Bh3 39. Rh4 Bf5 40. Rh8+  1-0

[Event "36th Reykjavik op"]
[Site "Reykjavik ISL"]
[Date "2023.04.01"]
[Round "6.123"]
[White "Kjartansson, Matthias Bjoergvin"]
[Black "Southcott-Moyers, Indy"]
[WhiteElo "1689"]
[BlackElo "2094"]
[Result "0-1"]
[EventDate "2023.03.29"]
[PlyCount "62"]

1. d4 d5 2. c4 c6 3. Nc3 Nf6 4. Nf3 dxc4 5. a4 Bf5 6. Ne5 Nbd7 7. Nxc4 Nb6 8. e3
e6 9. Nxb6 axb6 10. Bd2 Bd6 11. Be2 e5 12. dxe5 Bxe5 13. O-O O-O 14. Bf3 Qd6 15.
h3 Rfd8 16. Bc1 Qe6 17. Bd2 Qd6 18. Bc1 Qb4 19. Qe1 b5 20. Ra3 bxa4 21. g4 Bd3 22.
Be2 b5 23. f4 Bxc3 24. Rxc3 Bxe2 25. Qxe2 Ne4 26. Rxc6 Ng3 27. Qe1 Qe4 28. Qxg3 Qxc6
29. Re1 Qe4 30. Qf2 Rdc8 31. Bd2 Rc2  0-1

[Event "36th Reykjavik op"]
[Site "Reykjavik ISL"]
[Date "2023.04.01"]
[Round "6.124"]
[White "Doraszelski, Alexander"]
[Black "Cooper, Malcolm H"]
[WhiteElo "2093"]
[BlackElo "1763"]
[Result "1-0"]
[EventDate "2023.03.29"]
[PlyCount "83"]

1. e4 c5 2. Nc3 Nc6 3. Bb5 Nd4 4. Nf3 Nxb5 5. Nxb5 Nf6 6. e5 Nd5 7. O-O e6 8. d4
a6 9. c4 Nb6 10. Nd6+ Bxd6 11. exd6 Nxc4 12. dxc5 O-O 13. Qd3 b5 14. b3 Na5 15. Ng5
f5 16. f4 Qf6 17. Bd2 Nc6 18. Bc3 Qg6 19. Rae1 Bb7 20. Re3 h6 21. Nf3 Rf7 22. Rf2
Qh7 23. Nd2 Re8 24. Rfe2 Nd8 25. Rg3 Ref8 26. h4 Nc6 27. Nf3 Rf6 28. h5 R8f7 29.
Re3 Rf8 30. Ne5 Nxe5 31. Bxe5 Kh8 32. Qd4 R6f7 33. Rg6 Bc6 34. Reg3 Rg8 35. Qc3 Be4
36. Qa5 Ra8 37. Qc7 Bc6 38. b4 Rg8 39. Ra3 Ra8 40. Rxa6 Rxa6 41. Qc8+ Qg8 42. Rxh6#
 1-0

[Event "36th Reykjavik op"]
[Site "Reykjavik ISL"]
[Date "2023.04.01"]
[Round "6.125"]
[White "Winter, Kevin"]
[Black "Heidarsson, Arnar Milutin"]
[WhiteElo "1680"]
[BlackElo "2075"]
[Result "0-1"]
[EventDate "2023.03.29"]
[PlyCount "58"]

1. e4 c5 2. Nc3 d6 3. f4 g6 4. Nf3 Bg7 5. Bc4 Nc6 6. O-O Nd4 7. Nxd4 cxd4 8. Ne2
e6 9. d3 Ne7 10. f5 exf5 11. Ng3 O-O 12. Bg5 fxe4 13. Nxe4 Qc7 14. Nf6+ Kh8 15. Qd2
Be6 16. Qf4 Ng8 17. Nxg8 Kxg8 18. Rae1 Bxc4 19. dxc4 f6 20. Bh4 g5 21. Bxg5 fxg5
22. Qxg5 Qc5 23. Qg4 d3+ 24. Kh1 dxc2 25. Qe6+ Kh8 26. Rf7 Rxf7 27. Qxf7 Rf8 28.
Qxb7 Qf2 29. Qe4 Qf1+  0-1

[Event "36th Reykjavik op"]
[Site "Reykjavik ISL"]
[Date "2023.04.01"]
[Round "6.126"]
[White "Manukonda, Arun"]
[Black "Hasala, Richard"]
[WhiteElo "2061"]
[BlackElo "1750"]
[Result "1-0"]
[EventDate "2023.03.29"]
[PlyCount "111"]

1. d4 Nf6 2. c4 e6 3. Nc3 d5 4. Bg5 Be7 5. e3 b6 6. Nf3 Bb7 7. Qc2 O-O 8. Bd3 dxc4
9. Bxc4 Nbd7 10. e4 c5 11. Rd1 Nh5 12. Be3 cxd4 13. Nxd4 Nhf6 14. Nxe6 fxe6 15. Bxe6+
Kh8 16. e5 Qc7 17. exf6 Nxf6 18. Bh3 Rad8 19. Rxd8 Rxd8 20. Qa4 Nd5 21. Nxd5 Bxd5
22. O-O Bd6 23. Rc1 Qb8 24. Qh4 Kg8 25. Bf5 h6 26. Qg4 Kf8 27. Bh7 Qb7 28. Bd4 Qe7
29. Bc3 Qg5 30. Qxg5 hxg5 31. Bc2 Bf7 32. h3 Bf4 33. Re1 a5 34. g3 Bb8 35. a3 Bc7
36. Ba4 Bc4 37. Rc1 b5 38. Bc2 Bb6 39. Be4 Kg8 40. Kg2 Rf8 41. f3 Rd8 42. Re1 Kf7
43. Bc2 Bc7 44. Be4 Bb6 45. Bc6 Rc8 46. Bd7 Rd8 47. Bf5 Rd6 48. h4 gxh4 49. gxh4
Rh6 50. Rd1 Be6 51. Bxe6+ Kxe6 52. Re1+ Kd6 53. Re4 Bd8 54. Rd4+ Ke7 55. Bd2 Rg6+
56. Bg5+  1-0

[Event "36th Reykjavik op"]
[Site "Reykjavik ISL"]
[Date "2023.04.01"]
[Round "6.127"]
[White "Bryant, Harry"]
[Black "Ptacnikova, Lenka"]
[WhiteElo "1652"]
[BlackElo "2040"]
[Result "0-1"]
[EventDate "2023.03.29"]
[PlyCount "94"]

1. e4 d6 2. d4 Nf6 3. Nc3 e5 4. dxe5 dxe5 5. Qxd8+ Kxd8 6. Bg5 c6 7. O-O-O+ Ke8 8.
Nf3 Nbd7 9. a3 Bc5 10. Bh4 Ng4 11. Rd2 f6 12. h3 Nh6 13. Bc4 b5 14. Bb3 g5 15. Bg3
Ke7 16. Rhd1 Rf8 17. Ne2 Bb6 18. Rd6 Nc5 19. Nc3 Nxb3+ 20. cxb3 Be6 21. Rxc6 Bxb3
22. Nd5+ Bxd5 23. Rxd5 Rac8 24. Rxc8 Rxc8+ 25. Kb1 a6 26. Nd2 Nf7 27. f3 Nd6 28.
Be1 Ke6 29. Rd3 Ba5 30. Bf2 Bxd2 31. Rxd2 Nc4 32. Rd3 h5 33. Rd1 g4 34. Ka2 gxf3
35. gxf3 Rg8 36. Rc1 Rg2 37. Rc2 Ne3 38. Rd2 Nf1 39. Rc2 Nh2 40. Kb3 Nxf3 41. Kc3
Ng5 42. Kd3 Nxh3 43. Bh4 Nf4+ 44. Kc3 Rxc2+ 45. Kxc2 Ng2 46. Bg3 h4 47. Bh2 Ne1+
 0-1

[Event "36th Reykjavik op"]
[Site "Reykjavik ISL"]
[Date "2023.04.01"]
[Round "6.128"]
[White "Eriksen, Leander"]
[Black "Kienitz, Andre"]
[WhiteElo "1637"]
[BlackElo "2039"]
[Result "0-1"]
[EventDate "2023.03.29"]
[PlyCount "92"]

1. e4 e6 2. d4 d5 3. Nc3 Nf6 4. e5 Nfd7 5. f4 c5 6. Nf3 Be7 7. Be3 b6 8. Ne2 Nc6
9. c3 a5 10. Ng3 O-O 11. Bd3 f5 12. exf6 Nxf6 13. Ne5 Qc7 14. O-O Ba6 15. f5 cxd4
16. Nxc6 Qxc6 17. Bxd4 Bc5 18. Bxa6 Rxa6 19. Qe2 Ra7 20. Qxe6+ Qxe6 21. fxe6 Re7
22. Bxc5 bxc5 23. Rae1 Rfe8 24. Re2 Rxe6 25. Rfe1 Kf7 26. Kf1 g6 27. Rxe6 Rxe6 28.
Rxe6 Kxe6 29. Ke2 Ke5 30. Nf1 Ne4 31. Nd2 Nxd2 32. Kxd2 Ke4 33. b3 g5 34. a3 d4 35.
Kc2 Ke3 36. cxd4 cxd4 37. Kd1 Kd3 38. b4 axb4 39. axb4 Kc4 40. Ke2 Kxb4 41. Kd3 Kc5
42. Ke4 Kc4 43. g4 d3 44. Kf5 d2 45. Kxg5 d1=Q 46. h4 Kd5  0-1

[Event "36th Reykjavik op"]
[Site "Reykjavik ISL"]
[Date "2023.04.01"]
[Round "6.129"]
[White "Yedid, Lior"]
[Black "Petursson, Gudni"]
[WhiteElo "1586"]
[BlackElo "2020"]
[Result "1/2-1/2"]
[EventDate "2023.03.29"]
[PlyCount "96"]

1. e4 e5 2. Nf3 Nc6 3. Nc3 Nf6 4. g3 Bc5 5. Bg2 d6 6. O-O O-O 7. d3 a6 8. Be3 b5
9. Nd5 h6 10. c3 Bxe3 11. Nxe3 Bb7 12. Re1 Re8 13. Nc2 Qd7 14. Qd2 Rad8 15. Nh4 d5
16. exd5 Nxd5 17. d4 Nb6 18. Nf3 e4 19. Nh4 Ne5 20. b3 g5 21. Kh1 gxh4 22. Qxh6 hxg3
23. dxe5 Re6 24. Qh5 gxf2 25. Rf1 Rg6 26. Rad1 Qe7 27. Nd4 Qg5 28. Qxg5 Rxg5 29.
e6 Re5 30. exf7+ Kxf7 31. Rc1 c5 32. Rxf2+ Kg6 33. Nc2 c4 34. Ne3 Bd5 35. b4 Bc6
36. Bh3 Na4 37. Rcc2 Kg5 38. Kg2 Rc8 39. Rfe2 Rce8 40. Kg3 Rc8 41. Bg2 Rd8 42. Bf1
Rc8 43. Bg2 Rd8 44. Bf1 Rf8 45. Bg2 Rd8 46. Bf1 Rd6 47. h4+ Kg6 48. Bg2 Bd7  1/2-1/2